| 000 | 00510nam a2200145Ia 4500 | ||
|---|---|---|---|
| 008 | 200626s9999 xx 000 0 und d | ||
| 020 | _a978-1-59869-119-1 | ||
| 100 | _aConerly, William B. | ||
| 245 |
_cConerly, William B. _aBusinomics / _bFrom the Headlines to your bottom line - How to profit in any economic cycle |
||
| 260 |
_aAvon, Mass. : _bAdams Media, F+W Publications _c2007 |
||
| 300 | _av, 261 pages | ||
| 500 | _aIncludes index. | ||
| 650 | _aManagerial economics. | ||
| 650 | _aStrategic planning. | ||
| 999 |
_c363777 _d363777 |
||